Community Health Advocacy/ (Record no. 19388)
[ view plain ]
| 000 -LEADER | |
|---|---|
| fixed length control field | 00568nam a22002057a 4500 |
| 008 - FIXED-LENGTH DATA ELEMENTS--GENERAL INFORMATION | |
| fixed length control field | 220714b |||||||| |||| 00| 0 eng d |
| 020 ## - INTERNATIONAL STANDARD BOOK NUMBER | |
| International Standard Book Number | 1475787337 |
| 050 ## - LIBRARY OF CONGRESS CALL NUMBER | |
| Classification number | R727.45 |
| Item number | .L68 2003 |
| 100 ## - MAIN ENTRY--PERSONAL NAME | |
| Personal name | Loue, Sana |
| 245 ## - TITLE STATEMENT | |
| Title | Community Health Advocacy/ |
| Statement of responsibility, etc. | Sana Loue |
| 260 ## - PUBLICATION, DISTRIBUTION, ETC. (IMPRINT) | |
| Place of publication, distribution, etc. | New York |
| Name of publisher, distributor, etc. | Springer |
| Date of publication, distribution, etc. | 2003 |
| 300 ## - PHYSICAL DESCRIPTION | |
| Extent | xi, 171p. |
| 650 ## - SUBJECT ADDED ENTRY--TOPICAL TERM | |
| Topical term or geographic name as entry element | Community health services |
| 650 ## - SUBJECT ADDED ENTRY--TOPICAL TERM | |
| Topical term or geographic name as entry element | Patient advocacy |
| 650 ## - SUBJECT ADDED ENTRY--TOPICAL TERM | |
| Topical term or geographic name as entry element | Community organizations |
| 650 ## - SUBJECT ADDED ENTRY--TOPICAL TERM | |
| Topical term or geographic name as entry element | Patient representatives |
| 700 ## - ADDED ENTRY--PERSONAL NAME | |
| Personal name | Lloyd, Linda S. |
| 700 ## - ADDED ENTRY--PERSONAL NAME | |
| Personal name | O'shea, Daniel J. |
| 942 ## - ADDED ENTRY ELEMENTS (KOHA) | |
| Source of classification or shelving scheme | Library of Congress Classification |
| Koha item type | General Collection |
| Withdrawn status | Lost status | Source of classification or shelving scheme | Not for loan | Home library | Current library | Date acquired | Cost, normal purchase price | Total Checkouts | Full call number | Barcode | Date last seen | Price effective from | Koha item type |
|---|---|---|---|---|---|---|---|---|---|---|---|---|---|
| Library of Congress Classification | Kabarak, Main Campus | Kabarak, Main Campus | 14/07/2022 | 10734.00 | R727.45 .L68 2003 c.1 | 031885 | 14/07/2022 | 14/07/2022 | General Collection |